The information society : economic, social, and structural issues
Αποθηκεύτηκε σε:
| Άλλοι συγγραφείς: | |
|---|---|
| Μορφή: | Βιβλίο |
| Γλώσσα: | English |
| Δημοσίευση: |
Hillsdale, New Jersey :
Lawrence Erlbaum Associates,
1989
|
| Σειρά: | Communication (Hillsdale, N.J.)
|
| Θέματα: | |
| Ετικέτες: |
Προσθήκη ετικέτας
Δεν υπάρχουν, Καταχωρήστε ετικέτα πρώτοι!
|
MARC
| LEADER | 00000nam a2200000 i 4500 | ||
|---|---|---|---|
| 001 | 1/74018 | ||
| 008 | 050321s1989 eng d | ||
| 020 | |a 0-8058-0103-0 | ||
| 035 | |l 10077256 | ||
| 040 | |a GR-MY-UA |b gre |e aacr | ||
| 041 | 0 | |a eng | |
| 082 | 0 | |a 338.4700151 |2 (21) | |
| 245 | 1 | 4 | |a The information society : |b economic, social, and structural issues / |c Jerry L. Salvaggio |
| 260 | |a Hillsdale, New Jersey : |b Lawrence Erlbaum Associates, |c 1989 | ||
| 300 | |a x, 143 σ.; |b σχ.; |c 24 εκ. | ||
| 490 | 1 | |a Communication (Hillsdale, N.J.) | |
| 504 | |a Περιλαμβάνει βιβλιογραφία και ευρετήριο | ||
| 650 | 0 | 0 | |a Information technology |x Economic aspects. |
| 650 | 0 | 0 | |a Information technology |x Social aspects. |
| 700 | 1 | |a Salvaggio, Jerry Lee. |4 edt | |
| 830 | 0 | |a Communication (Hillsdale, N.J.) | |
| 852 | |a INST |b CHIOS |e 20050321 |h 338.4700151 INF |p 005200021646 |q 005200021646 |t BK |y 0 | ||
| 901 | |a BIBL2-2005-1 | ||
| 909 | |a Χ |b 116603 | ||
| 922 | |a 2ΕΛΗ |b 200411 |c ΤΔΕ |d ΜΙΧΑΛΟΠΟΥΛΟΣ | ||
| 950 | |a 112-2004-10-05 | ||
| 970 | |a ΧΑΖΙΡΗ |b ΑΝΝΑ |z 2005/04/11 | ||